[Event "Nichelino Berruto Memorial 19th"]
[Site "Nichelino"]
[Date "2016.02.12"]
[Round "1"]
[White "Del Duca, Giuseppe1111"]
[Black "Lieggi, Daniele"]
[Result "0-1"]
[WhiteElo "1492"]
[BlackElo "1769"]
[PlyCount "56"]
[EventDate "2016.02.12"]
[EventType "swiss"]
[EventRounds "6"]
[EventCountry "ITA"]
[SourceTitle "EXT 2018"]
[Source "ChessBase"]
[SourceDate "2017.10.13"]
[SourceVersion "1"]
[SourceVersionDate "2017.10.13"]
[SourceQuality "1"]

1. e4 c5 2. Nc3 e6 3. Bc4 d6 4. d3 Bd7 5. Nf3 Nc6 6. a3 e5 7. Ng5 Nh6 8. Qf3 f6 9. Ne6 Bxe6 10. Qh5+ Bf7 11. Bxf7+ Nxf7 12. Nd5 Ne7 13. Ne3 g6 14. Qg4 Bg7 15. Bd2 0-0 16. h4 d5 17. 0-0-0 b5 18. h5 g5 19. g3 a5 20. f4 b4 21. a4 Qb6 22. b3 Rac8 23. exd5 c4 24. dxc4 exf4 25. gxf4 f5 26. Nxf5 Nxf5 27. Qxf5 Qd4 28. Kb1 Qa1# 0-1

[Event "Nichelino op 16th"]
[Site "Nichelino"]
[Date "2015.10.02"]
[Round "1"]
[White "Lieggi, Daniele"]
[Black "Finocchiaro, Gianluca"]
[Result "0-1"]
[WhiteElo "1778"]
[BlackElo "2038"]
[PlyCount "47"]
[EventDate "2015.10.02"]
[EventType "swiss"]
[EventRounds "5"]
[EventCountry "ITA"]
[SourceTitle "EXT 2018"]
[Source "ChessBase"]
[SourceDate "2017.10.13"]
[SourceVersion "1"]
[SourceVersionDate "2017.10.13"]
[SourceQuality "1"]

1. e4 d6 2. d4 Nf6 3. Nc3 c6 4. Be2 Qa5 5. Bd2 e5 6. dxe5 dxe5 7. Nd5 Qd8 8. Nxf6+ Qxf6 9. Nf3 h5 10. 0-0 Bg4 11. Bc3 Nd7 12. Bxe5 Nxe5 13. Nxe5 Be6 14. Ng4 Qg6 15. f3 Bc5+ 16. Kh1 0-0 17. Qe1 Bxg4 18. fxg4 hxg4 19. Bd3 Qg5 20. Qc3 Bb6 21. Rfe1 Rad8 22. Qb3 Kh8 23. Re2 Rd7 24. Bc4 0-1